Kabale University Library Catalogue

Sustainable democracy / (Record no. 6045)

MARC details
000 -LEADER
fixed length control field 01725pam a2200421 a 4500
001 - CONTROL NUMBER
control field 4908732
003 - CONTROL NUMBER IDENTIFIER
control field OSt
005 - DATE AND TIME OF LATEST TRANSACTION
control field 20260205130637.0
008 - FIXED-LENGTH DATA ELEMENTS--GENERAL INFORMATION
fixed length control field 941230s1995 enk b 001 0 eng
010 ## - LIBRARY OF CONGRESS CONTROL NUMBER
LC control number 94047142
020 ## - INTERNATIONAL STANDARD BOOK NUMBER
International Standard Book Number 0521482615
020 ## - INTERNATIONAL STANDARD BOOK NUMBER
International Standard Book Number 0521483751
Qualifying information pbk.
020 ## - INTERNATIONAL STANDARD BOOK NUMBER
International Standard Book Number 9780521482615
020 ## - INTERNATIONAL STANDARD BOOK NUMBER
International Standard Book Number 9780521483759
Qualifying information (pbk.)
035 ## - SYSTEM CONTROL NUMBER
System control number 4908732
040 ## - CATALOGING SOURCE
Original cataloging agency KABLIB
Transcribing agency KABLIB
Modifying agency KABLIB
050 00 - LIBRARY OF CONGRESS CALL NUMBER
Classification number JC423
Item number .S94 1995
082 00 - DEWEY DECIMAL CLASSIFICATION NUMBER
Classification number 321.8
Edition number 23
Item number PRZ
245 00 - TITLE STATEMENT
Title Sustainable democracy /
Statement of responsibility, etc. Adam Przeworski ... [et al.].
260 ## - PUBLICATION, DISTRIBUTION, ETC.
Place of publication, distribution, etc. Cambridge, [England] ;
-- New York :
Name of publisher, distributor, etc. Cambridge University Press,
Date of publication, distribution, etc. 1995.
300 ## - PHYSICAL DESCRIPTION
Extent x, 141 p. ;
Other physical details 23 cm.
336 ## - CONTENT TYPE
Content type term text
Content type code txt
Source rdacontent
337 ## - MEDIA TYPE
Media type term unmediated
Media type code n
Source rdamedia
338 ## - CARRIER TYPE
Carrier type term volume
Carrier type code nc
Source rdacarrier
500 ## - GENERAL NOTE
General note "A joint product of twenty-one social scientists ... under the name of the Group on East-South Systems Transformations (ESST)"--P. ix.
504 ## - BIBLIOGRAPHY, ETC. NOTE
Bibliography, etc. note Includes bibliographical references (p. [121]-132) and indexes.
650 #0 - SUBJECT ADDED ENTRY--TOPICAL TERM
Topical term or geographic name entry element Democracy
General subdivision Case studies.
9 (RLIN) 15176
650 #0 - SUBJECT ADDED ENTRY--TOPICAL TERM
Topical term or geographic name entry element Economic development
General subdivision Case studies.
9 (RLIN) 15306
650 #0 - SUBJECT ADDED ENTRY--TOPICAL TERM
Topical term or geographic name entry element Post-communism
General subdivision Case studies.
9 (RLIN) 15307
700 1# - ADDED ENTRY--PERSONAL NAME
Personal name Przeworski, Adam.
9 (RLIN) 15147
710 2# - ADDED ENTRY--CORPORATE NAME
Corporate name or jurisdiction name as entry element Group on East-South Systems Transformations.
9 (RLIN) 15308
856 42 - ELECTRONIC LOCATION AND ACCESS
Materials specified Publisher description
Uniform Resource Identifier <a href="http://www.loc.gov/catdir/description/cam026/94047142.html">http://www.loc.gov/catdir/description/cam026/94047142.html</a>
856 41 - ELECTRONIC LOCATION AND ACCESS
Materials specified Table of contents
Uniform Resource Identifier <a href="http://www.loc.gov/catdir/toc/cam025/94047142.html">http://www.loc.gov/catdir/toc/cam025/94047142.html</a>
906 ## - LOCAL DATA ELEMENT F, LDF (RLIN)
a 7
b cbc
c orignew
d 1
e ocip
f 19
g y-gencatlg
942 ## - ADDED ENTRY ELEMENTS (KOHA)
Source of classification or shelving scheme Dewey Decimal Classification
Koha item type Book
Holdings
Withdrawn status Lost status Source of classification or shelving scheme Damaged status Not for loan Home library Current library Date acquired Total Checkouts Full call number Barcode Date last seen Price effective from Koha item type
    Dewey Decimal Classification     Mukombe Library Mukombe Library 05.02.2026   321.8 PRZ 14506 05.02.2026 05.02.2026 Book

Kabale University Library | Kabale University P.O Box 317, Kabale, Uganda
Tel : +256754017033, +256774661503 E-mail : library@kab.ac.ug